मिस्टर पलटूराम / (Record no. 206697)

MARC details
000 -LEADER
fixed length control field 00801nam a22001937a 4500
005 - DATE AND TIME OF LATEST TRANSACTION
control field 20241024124219.0
010 ## - LCCN (DPL NO)
LC control number HIN-128690
020 ## - INTERNATIONAL STANDARD BOOK NUMBER
International Standard Book Number 9789391574352
Terms of availability 625.00
035 ## - SYSTEM CONTROL NUMBER
System control number HN-101036
037 ## - SOURCE OF ACQUISITION
Source of stock number/acquisition DBAD
082 ## - DEWEY DECIMAL CLASSIFICATION NUMBER
Classification number 827
100 ## - MAIN ENTRY--PERSONAL NAME
Personal name पंकज, गिरीश
245 ## - TITLE STATEMENT
Title मिस्टर पलटूराम /
Statement of responsibility, etc गिरीश पंकज
250 ## - EDITION STATEMENT
Edition statement प्रथम
260 ## - PUBLICATION, DISTRIBUTION, ETC. (IMPRINT)
Place of publication, distribution, etc दिल्ली
Name of publisher, distributor, etc ज्ञान गीता प्रकाशन
Date of publication, distribution, etc 2022
270 ## - ADDRESS
Address एफ-7, गली नं. 1 ,पंचशील, गार्डन, एक्स., नवीन शाहदरा,
City दिल्ली
Postal code 110032
Telephone number 09716234769
300 ## - PHYSICAL DESCRIPTION
Extent 176 पृ.
Dimensions 22 सेमी (सजिल्द )
942 ## - ADDED ENTRY ELEMENTS (KOHA)
Source of classification or shelving scheme Dewey Decimal Classification
Item type Hindi Books
Classification part 827
Call number suffix पंकज
Holdings
Withdrawn status Lost status Not for loan Collection code Home library Current library Date acquired Source of acquisition Cost, normal purchase price Full call number Barcode Copy number Cost, replacement price Koha item type
      Non-fiction Bawana Bawana 24/10/2024 DBAD 625.00 827 पंकज HN-101036 1 625.00 Hindi Books

© Delhi Public Library
Hit Counter
free hit counter